Beneficio de competencia (Registro nro. 1532)

Detalles MARC
000 -LEADER
fixed length control field 01198 a2200217 4500
001 - CONTROL NUMBER
control field 26998
005 - DATE AND TIME OF LATEST TRANSACTION
control field 20260407155547.0
008 - FIXED-LENGTH DATA ELEMENTS--GENERAL INFORMATION
fixed length control field 260407a2010 arg spa d
003 - CONTROL NUMBER IDENTIFIER
control field AR-UNSa-BCEJYS
040 ## - CATALOGING SOURCE
Original cataloging agency AR-UNSa-BCEJYS
Language of cataloging spa
Transcribing agency AR-UNSa-BCEJYS
080 ## - UNIVERSAL DECIMAL CLASSIFICATION NUMBER
Universal Decimal Classification number 34(37)
Common auxiliary subdivision Derecho Romano
020 ## - INTERNATIONAL STANDARD BOOK NUMBER
International Standard Book Number 978-987-03-1588-9
100 1# - MAIN ENTRY--PERSONAL NAME
Personal name Abelenda, Virginia
245 10 - TITLE STATEMENT
Title Beneficio de competencia
Name of part/section of a work fuentes romanas, derecho intermedio y Latinoamericano: ejemplos y propuestas de extinsión en su proyección contemporánea
264 #1 - PRODUCTION, PUBLICATION, DISTRIBUTION, MANUFACTURE, AND COPYRIGHT NOTICE
Place of production, publication, distribution, manufacture Buenos Aires :
Name of producer, publisher, distributor, manufacturer Universidad de Buenos Aires. Facultad de Derecho
Date of production, publication, distribution, manufacture, or copyright notice 2010
300 ## - PHYSICAL DESCRIPTION
Extent 313 p.
Dimensions 24 cm.
505 ## - FORMATTED CONTENTS NOTE
Formatted contents note 1. La condena limitada a las posibilidades patrimoniales del deudor (en id quod debitor (REUS) facere potest) o beneficium competentiae en las fuentes romanas - 2. La condemnatio limitada o beneficium competentiae en el derecho intermedio - 3. El beneficio de competencia en los códigos Latinoamericanos
590 ## - LOCAL NOTE (RLIN)
Local note niveau_biblio:m niveau_hierar:0
856 41 - ELECTRONIC LOCATION AND ACCESS
Uniform Resource Identifier <a href="https://biblioeco.unsa.edu.ar/pmb/images/libros/Beneficio de Competencia-Fuentes Romanas, Derecho Intermedio y Latinoamericano-l117906.jpg">https://biblioeco.unsa.edu.ar/pmb/images/libros/Beneficio de Competencia-Fuentes Romanas, Derecho Intermedio y Latinoamericano-l117906.jpg</a>
Link text Imagen de portada
Electronic format type image/jpeg
942 ## - ADDED ENTRY ELEMENTS (KOHA)
Koha item type
Existencias
Withdrawn status Lost status Damaged status Not for loan Home library Current library Shelving location Date acquired Total checkouts Full call number Barcode Date last seen Price effective from Koha item type
        Biblioteca Prof. Eusebio Cleto del Rey Biblioteca Prof. Eusebio Cleto del Rey   07/04/2026   34(37) A139 L117906 07/04/2026 07/04/2026 Libro